|
|
|
|
| LEADER |
00977nam a22002892a 4500 |
| 001 |
001299749 |
| 003 |
CZ BrMZK |
| 005 |
20130625093025.0 |
| 007 |
ta |
| 008 |
130606s1970 xr er|||||||||||cze d |
| 015 |
|
|
|a cnb000429913
|
| 035 |
|
|
|a (OCoLC)42176500
|
| 040 |
|
|
|a BOA001
|b cze
|
| 041 |
0 |
|
|a cze
|b eng
|
| 100 |
1 |
|
|a Hapl, Ladislav
|7 stk2008477073
|4 aut
|
| 245 |
1 |
0 |
|a Rozvoj kvality životního prostředí v objektech budovaných s použitím nové materiálové a výrobní základny /
|c Ladislav Hapl, Rudolf Krajíček, Miloslav Dvorský
|
| 250 |
|
|
|a 1. vyd.
|
| 260 |
|
|
|a Praha :
|b Výzkumný ústav výstavby a architektury,
|c 1970
|
| 300 |
|
|
|a 88 s.
|
| 504 |
|
|
|a Obsahuje bibliografii
|
| 546 |
|
|
|a Anglické resumé
|
| 700 |
1 |
|
|a Krajíček, Rudolf
|4 aut
|
| 700 |
1 |
|
|a Dvorský, Miloslav
|7 hka2011635787
|4 aut
|
| 910 |
|
|
|a BOA001
|b 2-0654.639
|
| 990 |
|
|
|a BK
|
| 991 |
|
|
|b 201306
|
| 996 |
7 |
|
|b 2619660268
|c 2-0654.639
|l HP2
|r DEN
|n 0
|w 001334493
|u 000010
|a 1
|e BOA001
|j MZK50
|s A
|